=LDR 00000nam 2200000 4500 =001 INLIS000000000025289 =005 20130612123818 =008 ***********************************Ind** =035 ##$$0010-061300000025289 =041 ##$$a Ind =082 ##$$a 959.8 =090 ##$$a 959.8, Wil e =100 ##$$a Wilhelm, donald =245 ##$$a Emerging Indonesia, Donald Wilhelm =260 ##$$a 1980 $b Jakarta =300 ##$$a 192 hlm, ilus, 21 cm =650 ##$$a Indonesia - Peristiwa G 30 SPKI =850 ##$$a NBPNMAT